La danza a Catalunya / (Record no. 40752)

MARC details
000 -LEADER
campo de control de longitud fija 00608nam a2200205 i 4500
001 - NÚMERO DE CONTROL
campo de control 40752
003 - IDENTIFICADOR DE NÚMERO DE CONTROL
campo de control ES-MaACL
005 - FECHA Y HORA DE LA ÚLTIMA TRANSACCIÓN
campo de control 20230906160313.0
007 - CAMPO FIJO DE DESCRIPCIÓN FÍSICA--INFORMACIÓN GENERAL
campo de control de longitud fija t|
008 - DATOS DE LONGITUD FIJA--INFORMACIÓN GENERAL
campo de control de longitud fija 030307s1953 sp ||||1| cat d
100 1# - ENTRADA PRINCIPAL--NOMBRE DE PERSONA
Nombre de persona Capmany, Aureli (
Fechas asociadas al nombre 1868-1954)
9 (RLIN) 34863
245 13 - MENCIÓN DEL TÍTULO
Título La danza a Catalunya /
Mención de responsabilidad, etc. Aurelio Capmany.
260 ## - PUBLICACIÓN, DISTRIBUCIÓN, ETC.
Lugar de publicación, distribución, etc. Barcelona :
Nombre del editor, distribuidor, etc. Barcino,
Fecha de publicación, distribución, etc. 1953 (
Lugar de fabricación/manufactura Sabadell :
Fabricante Joan Sallent)
300 ## - DESCRIPCIÓN FÍSICA
Extensión 148 p., 2 lám. :
Otras características físicas il. ;
Dimensiones 19 cm.
490 1# - MENCIÓN DE SERIE
Mención de serie Enciclopedia Catalunya
500 ## - NOTA GENERAL
Nota general Es el vol. II.
830 0# - PUNTO DE ACCESO ADICIONAL DE SERIE-TÍTULO UNIFORME
Título uniforme Enciclopedia Catalunya
9 (RLIN) 184362
852 ## - LOCALIZACIÓN
Ubicación ES-MaACL
Número de control de estantería E-5079
Holdings
Estatus retirado Estado de pérdida Estado de daño No para préstamo Biblioteca de origen Biblioteca actual Ubicación en estantería Fecha de adquisición Fuente de adquisición Total de préstamos Signatura topográfica completa Código de barras Visto por última vez Precio de reemplazo Tipo de ítem Koha
        Biblioteca del Ateneo de Madrid Biblioteca del Ateneo de Madrid Depósito 2 17/01/2008     E-5079 1042901 23/02/2023 23/02/2023 Libro impreso